Geografia Na Literę B - Statystyki

Ogólne statystyki
  • Ten quiz został rozwiązany 1 428 razy
    1 398 od ostatniego zresetowania
  • Średni wynik to 11 z 15
Statystyki odpowiedzi
Podpowiedź Odpowiedź % Poprawnych
Stolica Niemiec Berlin
96%
Największe Państwo W Ameryce Południowej Brazylia
95%
Morze,Które Graniczy Z Polską Bałtyckie
94%
Stolica Województwa Kujawsko-Pomorskiego Bydgoszcz
92%
Państwo Graniczące z Chile Boliwia
90%
Przyrząd Służący Do Pomiaru Ciśnienia Atmosferycznego Barometr
85%
To Miasto Jest Stolicą Katalonii Barcelona
83%
Państwo Federacyjne W Zachodniej Europie, W Południowych Niderlandach Belgia
81%
Półwysep W Południowo-Wschodniej Części Europy Bałkański
75%
Państwo W Azji Graniczące Z:Macedonią,Serbią,Rumunią Bułgaria
72%
Stolica Azerbejdżanu Baku
69%
Państwo Wyspiarskie Na Oceanie Atlantyckim. Bahamy
64%
Świetlne Zjawisko Wywołane Piorunem Błyskawica
61%
Terytorium Zależne Wielkiej Brytanii Na Oceanie Atlantyckim Bermudy
31%
Nauka Z Pogranicza Biologii i Geografii Zajmująca Się Rozmieszczeniem Organizmów Żywych Na Ziemi. Biogeografia
19%
Nie znaleziono quizów pasujących do podanych kryteriów
Rozkład punktacji
Procent ludzi z każdym wynikiem
Percentyl według liczby udzielonych odpowiedzi
Twoja historia wyników
Nie rozwiązałeś tego quizu od ostatniego zresetowania